[Event "White Nights Open 2006"]
[Site "St. Petersburg RUS"]
[Date "2006.06.23"]
[Round "1.1"]
[White "Sivokho, Sergey"]
[Black "Nikolaev, Yury"]
[Result "1-0"]
[WhiteElo "2469"]
[BlackElo "2110"]
[PlyCount "51"]
[EventDate "2006.06.22"]
[EventType "swiss"]
[EventRounds "9"]
[EventCountry "RUS"]
[Source "lmi"]
[SourceDate "2006.06.29"]

1. e4 c5 2. Nf3 e6 3. d4 cxd4 4. Nxd4 Nf6 5. Nc3 d6 6. g4 h6 7. Rg1 Nc6 8. h4
h5 9. gxh5 Nxh5 10. Bg5 Nf6 11. Be2 a6 12. h5 Qb6 13. Nb3 Ng8 14. Qd2 Qc7 15.
O-O-O Bd7 16. Kb1 Ne5 17. f4 Nc4 18. Qd4 b5 19. Nd2 d5 20. exd5 f6 21. Nxc4 Bc5
22. Qe4 f5 23. Qe5 Qxe5 24. Nxe5 b4 25. dxe6 Bxe6 26. Nb5 1-0

[Event "White Nights Open 2006"]
[Site "St. Petersburg RUS"]
[Date "2006.06.23"]
[Round "1.2"]
[White "Grigoriev, Semyon"]
[Black "Orlov, Vassily"]
[Result "0-1"]
[WhiteElo "2106"]
[BlackElo "2450"]
[PlyCount "70"]
[EventDate "2006.06.22"]
[EventType "swiss"]
[EventRounds "9"]
[EventCountry "RUS"]
[Source "lmi"]
[SourceDate "2006.06.29"]

1. d4 d5 2. c4 e6 3. Nc3 Nf6 4. Bg5 Bb4 5. e3 c5 6. Nf3 Nbd7 7. cxd5 exd5 8.
Bd3 Qa5 9. Qc2 c4 10. Bf5 O-O 11. O-O Re8 12. Nd2 g6 13. Bxd7 Nxd7 14. Rfe1 Nb6
15. e4 dxe4 16. Ncxe4 Rxe4 17. Qxe4 Qxg5 18. Nf3 Qf6 19. Re2 Be6 20. Ne5 Bd5
21. Qe3 Qe6 22. a3 Bf8 23. Qd2 Qd6 24. Rae1 Be6 25. Qf4 Rd8 26. Rd2 Nd5 27. Qg3
b5 28. Rdd1 f6 29. Nf3 Qxg3 30. hxg3 Bf5 31. Re2 a6 32. Rde1 Kf7 33. Nd2 b4 34.
axb4 Bxb4 35. Rd1 Bxd2 0-1

[Event "White Nights Open 2006"]
[Site "St. Petersburg RUS"]
[Date "2006.06.23"]
[Round "1.4"]
[White "Zuttis, Sergey"]
[Black "Kurilov, Viktor"]
[Result "1/2-1/2"]
[WhiteElo "2097"]
[BlackElo "2329"]
[PlyCount "171"]
[EventDate "2006.06.22"]
[EventType "swiss"]
[EventRounds "9"]
[EventCountry "RUS"]
[Source "lmi"]
[SourceDate "2006.06.29"]

1. e4 e5 2. Nf3 Nf6 3. Nc3 Nc6 4. g3 Bc5 5. Bg2 d6 6. d3 Bg4 7. Be3 Bxe3 8.
fxe3 Qd7 9. Qd2 Bxf3 10. Bxf3 Ne7 11. Qg2 h5 12. O-O-O Ng6 13. h3 O-O-O 14. Qe2
c6 15. d4 Kb8 16. g4 hxg4 17. hxg4 Qe7 18. Rxh8 Rxh8 19. Rh1 Rxh1+ 20. Bxh1 Nd7
21. Nd1 Qe6 22. b3 Qf6 23. c3 Qh4 24. Qg2 Nf6 25. Nf2 Qg5 26. Qg3 Kc7 27. Kc2
Qh4 28. Qf3 Qh2 29. Qg2 Qxg2 30. Bxg2 Nh4 31. Bf1 Nf3 32. Be2 Ng5 33. Kd3 Kd7
34. b4 d5 35. dxe5 Nfxe4 36. Nxe4 Nxe4 37. c4 Nf2+ 38. Kd4 dxc4 39. Bxc4 Nxg4
40. Bxf7 Ke7 41. Bc4 Nf2 42. e4 g5 43. Be2 g4 44. Ke3 g3 45. Bf3 Ke6 46. Kd4
Ke7 47. a4 Ng4 48. Bg2 Kf7 49. b5 cxb5 50. axb5 a5 51. b6 a4 52. e6+ Kxe6 53.
e5 Nxe5 54. Bxb7 Kd6 55. Bg2 a3 56. Kc3 Nc4 57. Kb3 Nxb6 58. Kxa3 Kc5 59. Kb3
Nd5 60. Bh1 Kd4 61. Kc2 Nc3 62. Kd2 Ne4+ 63. Ke2 Ng5 64. Bg2 Ke5 65. Ke3 Kf5
66. Ke2 Kf4 67. Bh1 Ne4 68. Kf1 Nd2+ 69. Kg1 Kg4 70. Bg2 Nb3 71. Bb7 Nc5 72.
Bc6 Nd3 73. Bb7 Ne1 74. Bc6 Nd3 75. Bb7 Nf2 76. Kg2 Nd3 77. Kg1 Nf4 78. Bc6 Kh3
79. Bd7+ Kh4 80. Bc6 Ne6 81. Bb7 Nd4 82. Kg2 Nc2 83. Kg1 Kg4 84. Bc6 Nd4 85.
Bb7 Nf3+ 86. Kg2 1/2-1/2

[Event "White Nights Open 2006"]
[Site "St. Petersburg RUS"]
[Date "2006.06.23"]
[Round "1.5"]
[White "Nester, Ihor"]
[Black "Gnidenko, Andrey"]
[Result "1-0"]
[WhiteElo "2417"]
[BlackElo "2095"]
[PlyCount "79"]
[EventDate "2006.06.22"]
[EventType "swiss"]
[EventRounds "9"]
[EventCountry "RUS"]
[Source "lmi"]
[SourceDate "2006.06.29"]

1. Nf3 Nf6 2. c4 g6 3. d4 Bg7 4. g3 O-O 5. Bg2 c5 6. O-O Na6 7. Nc3 d6 8. h3
Rb8 9. e4 Ne8 10. Bg5 cxd4 11. Nxd4 Nec7 12. Nd5 Nxd5 13. exd5 h6 14. Be3 Bd7
15. Qd2 Kh7 16. b4 Qc8 17. Rac1 Bxh3 18. Nb5 Bxg2 19. Kxg2 Qd7 20. Bxh6 Rh8 21.
Rh1 Nc7 22. Nd4 Kg8 23. Bg5 Qg4 24. Rxh8+ Bxh8 25. Nf3 Re8 26. c5 Na6 27. a3
Qd7 28. c6 bxc6 29. dxc6 Qc7 30. Qd3 Qc8 31. Be3 Nc7 32. Bxa7 Qa8 33. Bb6 Rc8
34. Bxc7 Rxc7 35. b5 Bb2 36. Rc2 Bxa3 37. Ra2 Ra7 38. b6 Ra5 39. b7 Qa7 40.
Rxa3 1-0

[Event "White Nights Open 2006"]
[Site "St. Petersburg RUS"]
[Date "2006.06.23"]
[Round "1.6"]
[White "Bogdanov, Andrei"]
[Black "Pirogov, Vyatcheslav"]
[Result "0-1"]
[WhiteElo "2089"]
[BlackElo "2390"]
[PlyCount "86"]
[EventDate "2006.06.22"]
[EventType "swiss"]
[EventRounds "9"]
[EventCountry "RUS"]
[Source "lmi"]
[SourceDate "2006.06.29"]

1. e4 e6 2. Nc3 d5 3. Nf3 Nf6 4. e5 Nfd7 5. d4 c5 6. dxc5 Bxc5 7. Bd3 Nc6 8.
Bf4 f6 9. exf6 Nxf6 10. O-O O-O 11. Qd2 Qe8 12. Rae1 Qh5 13. Nb5 Ne8 14. Ne5 a6
15. Nxc6 bxc6 16. Nc7 Rxf4 17. Qxf4 Bd6 18. Qxd6 Nxd6 19. Nxa8 e5 20. Nb6 Be6
21. Bxa6 e4 22. Na4 d4 23. b3 Qg5 24. f3 e3 25. Bd3 h5 26. Nb2 h4 27. Nc4 Nxc4
28. bxc4 Qc5 29. a4 Bxc4 30. Ra1 Bxd3 31. cxd3 Qa5 32. Rfc1 c5 33. Rc2 c4 34.
Rxc4 Qd2 35. Rcc1 Qxd3 36. Rd1 Qc2 37. Rxd4 Qf2+ 38. Kh1 e2 39. Rdd1 h3 40. Rg1
e1=Q 41. Raxe1 hxg2+ 42. Rxg2 Qxe1+ 43. Rg1 Qf2 0-1

[Event "White Nights Open 2006"]
[Site "St. Petersburg RUS"]
[Date "2006.06.23"]
[Round "1.7"]
[White "Utkin, Aleksey"]
[Black "Ryzhkov, Vjacheslav"]
[Result "1-0"]
[WhiteElo "2388"]
[BlackElo "2085"]
[PlyCount "73"]
[EventDate "2006.06.22"]
[EventType "swiss"]
[EventRounds "9"]
[EventCountry "RUS"]
[Source "lmi"]
[SourceDate "2006.06.29"]

1. d4 f5 2. Nc3 d5 3. Bg5 g6 4. h4 Bg7 5. e3 Be6 6. Bd3 c6 7. h5 Nf6 8. hxg6
hxg6 9. Rxh8+ Bxh8 10. Nf3 Nbd7 11. Ne2 Ne4 12. Nf4 Bf7 13. c3 Qb6 14. Qc2 e5
15. dxe5 Nxe5 16. Nxe5 Bxe5 17. Bxe4 dxe4 18. Qd2 Bxf4 19. exf4 Qc5 20. b4 Qd5
21. Qe3 b6 22. Rd1 Qe6 23. Qd4 Bg8 24. Qg7 Qf7 25. Qe5+ Qe6 26. Qc7 Rc8 27.
Qxa7 e3 28. Qxb6 exf2+ 29. Kxf2 Qxa2+ 30. Kg1 Bd5 31. Qe3+ Be4 32. Rd2 Qb1+ 33.
Kh2 Qb3 34. Qd4 Qe6 35. Qh8+ Kf7 36. Qh7+ Ke8 37. Rd7 1-0

[Event "White Nights Open 2006"]
[Site "St. Petersburg RUS"]
[Date "2006.06.23"]
[Round "1.8"]
[White "Matrosov, Vladimir"]
[Black "Karasev, Vladimir I"]
[Result "1/2-1/2"]
[WhiteElo "2082"]
[BlackElo "2386"]
[PlyCount "90"]
[EventDate "2006.06.22"]
[EventType "swiss"]
[EventRounds "9"]
[EventCountry "RUS"]
[Source "lmi"]
[SourceDate "2006.06.29"]

1. f4 d6 2. Nf3 Bg4 3. e4 g6 4. h3 Bxf3 5. Qxf3 Bg7 6. Bc4 Nc6 7. c3 e5 8. d3
Na5 9. Bb3 Nxb3 10. axb3 c6 11. Be3 exf4 12. Bxf4 Ne7 13. O-O O-O 14. Be3 f5
15. Nd2 d5 16. Bc5 fxe4 17. Qg4 Rxf1+ 18. Nxf1 Nf5 19. dxe4 dxe4 20. Qxe4 a6
21. Re1 Qd5 22. Qxd5+ cxd5 23. g4 Rc8 24. b4 Nh4 25. Rd1 Re8 26. Kf2 Bf8 27.
Rxd5 Bxc5+ 28. bxc5 Rf8+ 29. Ke2 Ng2 30. Rd7 Nf4+ 31. Ke1 Ng2+ 32. Ke2 Nf4+ 33.
Kd2 Ne6 34. Ng3 Nxc5 35. Rc7 Rf3 36. Rxc5 Rxg3 37. Rc8+ Kg7 38. Rc7+ Kh6 39.
Rxb7 Rxh3 40. c4 Rg3 41. c5 Rxg4 42. Kd3 Rg1 43. Ra7 Rc1 44. b4 Kg5 45. Rxh7 a5
1/2-1/2

[Event "White Nights Open 2006"]
[Site "St. Petersburg RUS"]
[Date "2006.06.23"]
[Round "1.9"]
[White "Ivanov, Alexey"]
[Black "Lychik, Robert"]
[Result "1-0"]
[WhiteElo "2375"]
[BlackElo "2078"]
[PlyCount "69"]
[EventDate "2006.06.22"]
[EventType "swiss"]
[EventRounds "9"]
[EventCountry "RUS"]
[Source "lmi"]
[SourceDate "2006.06.29"]

1. Nc3 d5 2. e4 d4 3. Nce2 e5 4. f4 Nc6 5. Nf3 Bd6 6. fxe5 Nxe5 7. Nexd4 Bg4 8.
Be2 Nxf3+ 9. Nxf3 Bxf3 10. Bxf3 Qh4+ 11. g3 Qh3 12. d4 h5 13. e5 Be7 14. Bxb7
Rd8 15. Bc6+ Kf8 16. Be3 h4 17. Qf3 hxg3 18. hxg3 Qxh1+ 19. Qxh1 Rxh1+ 20. Bxh1
Nh6 21. c3 Nf5 22. Bf2 Bg5 23. Ke2 Ke7 24. Be4 Ke6 25. Rf1 g6 26. Bxf5+ gxf5
27. Rh1 c5 28. Be3 Be7 29. Rh6+ Kd5 30. dxc5 Bxc5 31. Bxc5 Kxc5 32. Rf6 Rb8 33.
b3 Rg8 34. Rxf5 Rxg3 35. e6+ 1-0

[Event "White Nights Open 2006"]
[Site "St. Petersburg RUS"]
[Date "2006.06.23"]
[Round "1.10"]
[White "Nikologorsky, Matfei"]
[Black "Mishuchkov, Nikolai M"]
[Result "0-1"]
[WhiteElo "2075"]
[BlackElo "2371"]
[PlyCount "96"]
[EventDate "2006.06.22"]
[EventType "swiss"]
[EventRounds "9"]
[EventCountry "RUS"]
[Source "lmi"]
[SourceDate "2006.06.29"]

1. c4 e5 2. Nc3 Nf6 3. g3 Bb4 4. Nd5 Nxd5 5. cxd5 O-O 6. Bg2 c6 7. a3 Be7 8. d4
d6 9. e3 cxd5 10. dxe5 dxe5 11. Qxd5 Nc6 12. Ne2 Be6 13. Qb5 Qa5+ 14. Qxa5 Nxa5
15. Bd2 Nb3 16. Rd1 Rad8 17. Bc3 Rxd1+ 18. Kxd1 Rd8+ 19. Kc2 Nc5 20. Kb1 b6 21.
Nc1 f6 22. e4 a5 23. f4 Na4 24. Be1 g5 25. f5 Bf7 26. b3 Nc5 27. Kc2 a4 28. b4
Nb3 29. Nxb3 Bxb3+ 30. Kb2 g4 31. Bc3 Bf8 32. Bf1 Bh6 33. Ba6 Bd2 34. h3 gxh3
35. Rxh3 Kg7 36. g4 Bxc3+ 37. Kxc3 Rd1 38. Rd3 Rxd3+ 39. Kxd3 Kh6 40. Kd2 Kg5
41. Be2 Kf4 42. Kd3 h6 43. b5 Ba2 44. Kc3 Kxe4 45. Bd1 Kf4 46. Kb2 Bc4 47. Bxa4
e4 48. Kc3 e3 0-1

[Event "White Nights Open 2006"]
[Site "St. Petersburg RUS"]
[Date "2006.06.23"]
[Round "1.11"]
[White "Silivanov, Sergej"]
[Black "Utkin, Vladimir"]
[Result "1-0"]
[WhiteElo "2355"]
[BlackElo "2075"]
[PlyCount "69"]
[EventDate "2006.06.22"]
[EventType "swiss"]
[EventRounds "9"]
[EventCountry "RUS"]
[Source "lmi"]
[SourceDate "2006.06.29"]

1. e4 e5 2. Nf3 Nf6 3. Nc3 Nc6 4. d4 exd4 5. Nxd4 Bb4 6. Nxc6 bxc6 7. Bd3 d5 8.
exd5 cxd5 9. Qe2+ Qe7 10. Qxe7+ Bxe7 11. Nb5 Bd8 12. Bf4 Rb8 13. O-O-O Rb7 14.
Rhe1+ Be6 15. Nd4 Rb6 16. a4 O-O 17. a5 Rb4 18. Nxe6 fxe6 19. Bd2 Rh4 20. h3
Ne4 21. Bxe4 dxe4 22. Be3 Be7 23. Rd7 Bd6 24. Bd4 e5 25. Bxa7 Ra8 26. Be3 Rxa5
27. Bg5 Rh5 28. h4 h6 29. g4 hxg5 30. gxh5 gxh4 31. Kb1 Rd5 32. Rg1 h3 33.
Rgxg7+ Kf8 34. h6 Rd1+ 35. Ka2 1-0

[Event "White Nights Open 2006"]
[Site "St. Petersburg RUS"]
[Date "2006.06.23"]
[Round "1.12"]
[White "Manina, Ksenia"]
[Black "Kryschilovskij, Andrej"]
[Result "0-1"]
[WhiteElo "2072"]
[BlackElo "2347"]
[PlyCount "116"]
[EventDate "2006.06.22"]
[EventType "swiss"]
[EventRounds "9"]
[EventCountry "RUS"]
[Source "lmi"]
[SourceDate "2006.06.29"]

1. e4 e5 2. Nf3 Nc6 3. Bb5 a6 4. Ba4 Nf6 5. O-O Be7 6. Re1 b5 7. Bb3 d6 8. c3
O-O 9. d4 Bg4 10. d5 Na5 11. Bc2 c6 12. dxc6 Qc7 13. h3 Be6 14. Bg5 Nc4 15. b3
Nb6 16. Be3 h6 17. Qe2 Qxc6 18. Bxb6 Qxb6 19. Qe3 Qxe3 20. Rxe3 Rfc8 21. a4 b4
22. c4 Bd8 23. Nbd2 Bb6 24. Re2 g6 25. Nf1 Kg7 26. Ne3 Nd7 27. Rd1 Bc5 28. Ne1
Nb8 29. Nd5 Nc6 30. Nd3 Rab8 31. Nxc5 dxc5 32. f3 Nd4 33. Red2 a5 34. Kf2 Rb7
35. Rf1 f5 36. Ke3 f4+ 37. Kd3 g5 38. Bd1 Rf7 39. Rdf2 h5 40. Rh1 Rh8 41. Rff1
Rh6 42. Rfg1 Rg6 43. Rh2 Kf8 44. Rgh1 Ke8 45. Kd2 Kd7 46. Kd3 Kd6 47. Kd2 Rg8
48. Kd3 Bxd5 49. cxd5 c4+ 50. bxc4 h4 51. Rf1 Rc7 52. Rf2 Rgc8 53. Rb2 Rxc4 54.
Rh1 Rc3+ 55. Kd2 Re3 56. Re1 Rcc3 57. Rxe3 fxe3+ 58. Ke1 Rc1 0-1

[Event "White Nights Open 2006"]
[Site "St. Petersburg RUS"]
[Date "2006.06.23"]
[Round "1.14"]
[White "Maznov, Sergey"]
[Black "Novikov, Mikhail V"]
[Result "0-1"]
[WhiteElo "2064"]
[BlackElo "2343"]
[PlyCount "42"]
[EventDate "2006.06.22"]
[EventType "swiss"]
[EventRounds "9"]
[EventCountry "RUS"]
[Source "lmi"]
[SourceDate "2006.06.29"]

1. d4 Nf6 2. Nf3 d5 3. e3 g6 4. Nbd2 Bg7 5. c4 O-O 6. Qb3 c5 7. cxd5 cxd4 8. e4
Qa5 9. Qd3 Na6 10. a3 Nc5 11. Qc4 Ncxe4 12. b4 Nxd2 13. bxa5 Nxc4 14. Bxc4 Rd8
15. Bb2 Nxd5 16. Nxd4 Nf4 17. O-O-O Nxg2 18. Nb5 Bg4 19. Rxd8+ Rxd8 20. Nxa7
Ra8 21. Nb5 Rc8 0-1

[Event "White Nights Open 2006"]
[Site "St. Petersburg RUS"]
[Date "2006.06.23"]
[Round "1.15"]
[White "Gritsenko, Andrey"]
[Black "Sorokina, Anastasia"]
[Result "1-0"]
[WhiteElo "2341"]
[BlackElo "2062"]
[PlyCount "57"]
[EventDate "2006.06.22"]
[EventType "swiss"]
[EventRounds "9"]
[EventCountry "RUS"]
[Source "lmi"]
[SourceDate "2006.06.29"]

1. e4 c5 2. Nf3 g6 3. d4 Bg7 4. Nc3 cxd4 5. Nxd4 Nc6 6. Be3 Nf6 7. Bc4 O-O 8.
O-O d6 9. h3 Bd7 10. Bb3 Rc8 11. f4 Qb6 12. Nf5 Qa5 13. Nxg7 Kxg7 14. Qd2 Qh5
15. Rae1 b5 16. e5 Ne8 17. Ne4 Rd8 18. exd6 Nxd6 19. Nxd6 exd6 20. Qxd6 Be8 21.
Bd4+ Kg8 22. Qf6 Nxd4 23. Qxd8 Qc5 24. Kh2 Bc6 25. Qf6 Nf5 26. Re5 Qb6 27. Rd1
Qc7 28. Rxf5 gxf5 29. Rd3 1-0

[Event "White Nights Open 2006"]
[Site "St. Petersburg RUS"]
[Date "2006.06.23"]
[Round "1.16"]
[White "Nezbailo, Dmitry"]
[Black "Mukhin, Georgy"]
[Result "0-1"]
[WhiteElo "2057"]
[BlackElo "2340"]
[PlyCount "98"]
[EventDate "2006.06.22"]
[EventType "swiss"]
[EventRounds "9"]
[EventCountry "RUS"]
[Source "lmi"]
[SourceDate "2006.06.29"]

1. e4 c5 2. Nf3 Nc6 3. d4 cxd4 4. Nxd4 Nf6 5. Nc3 d6 6. g3 e6 7. Bg2 Bd7 8. O-O
Be7 9. Ndb5 Qb8 10. Bf4 Ne5 11. Bg5 a6 12. Bxf6 Bxf6 13. Nxd6+ Ke7 14. f4 Qxd6
15. Qxd6+ Kxd6 16. fxe5+ Kxe5 17. Rad1 Rhd8 18. a4 Bc6 19. Kf2 Rxd1 20. Rxd1
Be7 21. b3 Bc5+ 22. Kf1 Rf8 23. Re1 Rd8 24. Nb1 b5 25. axb5 Bxb5+ 26. c4 Bc6
27. Ke2 Bb4 28. Rc1 f5 29. Rc2 fxe4 30. Bf1 Rd3 31. Rb2 Be8 32. Kf2 Rd1 33. Be2
Bc5+ 34. Kg2 Rg1+ 35. Kh3 Bd4 36. Ra2 Rxb1 37. Ra5+ Kf6 38. Rxa6 Rxb3 39. c5
Bxc5 40. Rxe6+ Kxe6 41. Bc4+ Ke5 42. Bxb3 e3 43. Bc4 Bh5 44. g4 Bf7 45. Be2 Kf4
46. Kg2 Bd5+ 47. Kh3 Bf3 48. Bf1 Bxg4+ 49. Kh4 Be7# 0-1

[Event "White Nights Open 2006"]
[Site "St. Petersburg RUS"]
[Date "2006.06.23"]
[Round "1.17"]
[White "Turikov, Viktor"]
[Black "Marinin, Viktor"]
[Result "1-0"]
[WhiteElo "2340"]
[BlackElo "2053"]
[PlyCount "79"]
[EventDate "2006.06.22"]
[EventType "swiss"]
[EventRounds "9"]
[EventCountry "RUS"]
[Source "lmi"]
[SourceDate "2006.06.29"]

1. d4 d6 2. Nf3 g6 3. e4 Bg7 4. Bc4 Nf6 5. e5 dxe5 6. Nxe5 O-O 7. O-O Nbd7 8.
Nc3 c6 9. Bg5 Nb6 10. Bb3 Nbd5 11. Nxd5 cxd5 12. Re1 Qd6 13. Bf4 Nh5 14. Be3
Nf6 15. h3 Be6 16. Nd3 Nd7 17. Nf4 Nf6 18. Nxe6 Qxe6 19. c3 Qd6 20. Qf3 e6 21.
Bf4 Qc6 22. Bc2 b5 23. a3 a5 24. Rec1 Nd7 25. Bd3 Qb6 26. Qg3 Rfc8 27. h4 Qc6
28. h5 Ra7 29. hxg6 hxg6 30. Re1 Rb7 31. Re3 b4 32. axb4 axb4 33. Rae1 Nf8 34.
Be5 bxc3 35. bxc3 Rb3 36. Qh4 Nd7 37. Bxg7 Kxg7 38. Bxg6 Nf8 39. Bh5 Re8 40.
Rf3 1-0

[Event "White Nights Open 2006"]
[Site "St. Petersburg RUS"]
[Date "2006.06.23"]
[Round "1.18"]
[White "Gaprindashvili, Nona"]
[Black "Abramov, Valentin"]
[Result "0-1"]
[WhiteElo "2050"]
[BlackElo "2333"]
[PlyCount "92"]
[EventDate "2006.06.22"]
[EventType "swiss"]
[EventRounds "9"]
[EventCountry "RUS"]
[Source "lmi"]
[SourceDate "2006.06.29"]

1. e4 c5 2. f4 d5 3. Bb5+ Nc6 4. e5 Bd7 5. Nf3 Nxe5 6. fxe5 Bxb5 7. Nc3 Bc6 8.
e6 fxe6 9. Ng5 Qd6 10. Qh5+ g6 11. Qe2 e5 12. Nb5 Bxb5 13. Qxb5+ Qc6 14. Qxc6+
bxc6 15. O-O Nf6 16. Ne6 Rb8 17. Nxc5 Bh6 18. b3 Rb5 19. d4 Bxc1 20. Raxc1 exd4
21. Ne6 Kd7 22. Nxd4 Ra5 23. a4 Ne4 24. Rf7 Rc5 25. Kf1 Rc3 26. Ke2 Nd6 27. Rf3
Rxf3 28. Nxf3 Ne4 29. Ne5+ Kc7 30. c4 d4 31. Kd3 Nc5+ 32. Kc2 Rb8 33. Rb1 Kd6
34. Nd3 Nxd3 35. Kxd3 c5 36. Ke4 a5 37. Rb2 Rf8 38. Ra2 e5 39. Rb2 Rf4+ 40. Kd3
e4+ 41. Ke2 e3 42. Kd3 Ke5 43. b4 axb4 44. a5 Rf2 45. Re2 Rxe2 46. Kxe2 Kd6 0-1

[Event "White Nights Open 2006"]
[Site "St. Petersburg RUS"]
[Date "2006.06.23"]
[Round "1.19"]
[White "Andreev, Konstantin"]
[Black "Gershun, Dmitry"]
[Result "1/2-1/2"]
[WhiteElo "2322"]
[BlackElo "2039"]
[PlyCount "157"]
[EventDate "2006.06.22"]
[EventType "swiss"]
[EventRounds "9"]
[EventCountry "RUS"]
[Source "lmi"]
[SourceDate "2006.06.29"]

1. d4 d5 2. c4 e6 3. Nc3 Nf6 4. cxd5 exd5 5. Bg5 Nbd7 6. e3 Be7 7. Bd3 c6 8.
Qc2 O-O 9. Nge2 Re8 10. O-O Nf8 11. f3 Be6 12. e4 N6d7 13. Bxe7 Qxe7 14. e5 f6
15. f4 c5 16. f5 c4 17. fxe6 cxd3 18. Qxd3 Qxe6 19. Nf4 Qc6 20. exf6 Nxf6 21.
Rac1 Qd7 22. Ncxd5 Nxd5 23. Qb3 Ne6 24. Nxd5 Kh8 25. Rcd1 Rad8 26. Nc3 Nxd4 27.
Qc4 Qg4 28. Kh1 Rd6 29. h3 Qd7 30. Ne4 Rd5 31. Nc3 Rd6 32. Ne4 Rd5 33. Nc5 Qc6
34. Rxd4 Rxc5 35. Qf7 Rc1 36. Qxe8+ Qxe8 37. Rxc1 h6 38. Rcd1 Qe2 39. R1d2 Qe1+
40. Kh2 Qe5+ 41. g3 b6 42. Rd5 Qe3 43. h4 a5 44. a4 Qb3 45. Rb5 Qe6 46. h5 Kh7
47. b3 Kg8 48. Rf2 Kh7 49. Rf4 Qe2+ 50. Kh3 Qe6+ 51. Kg2 Qe2+ 52. Kh3 Qe6+ 53.
Rff5 Kg8 54. Rbe5 Qd7 55. Kg2 Qc6+ 56. Rf3 Qc2+ 57. Kh3 Qc6 58. Rd3 Qc8+ 59.
Kh4 Kf7 60. Rf3+ Kg8 61. Re7 Qc1 62. Rf4 Qh1+ 63. Kg4 Qd1+ 64. Rf3 Qd4+ 65. Kh3
Qd5 66. Kg2 Qxh5 67. Rb7 Qc5 68. g4 Qc6 69. Re7 Kh7 70. Re5 Qc2+ 71. Kg3 Qc7
72. Rfe3 Kg6 73. Kf3 Qc6+ 74. Kf2 Kf6 75. Rb5 Qc2+ 76. Kf3 Qc6+ 77. Kg3 Qd6+
78. Kf3 Qc6+ 79. Kg3 1/2-1/2

[Event "White Nights Open 2006"]
[Site "St. Petersburg RUS"]
[Date "2006.06.23"]
[Round "1.20"]
[White "Chernov, Vladimir E"]
[Black "Fedoseev, Sergey"]
[Result "1/2-1/2"]
[WhiteElo "2030"]
[BlackElo "2316"]
[PlyCount "96"]
[EventDate "2006.06.22"]
[EventType "swiss"]
[EventRounds "9"]
[EventCountry "RUS"]
[Source "lmi"]
[SourceDate "2006.06.29"]

1. c4 e5 2. Nc3 Nf6 3. Nf3 Nc6 4. a3 d5 5. cxd5 Nxd5 6. e4 Nf4 7. d4 exd4 8.
Bxf4 dxc3 9. Qxd8+ Nxd8 10. bxc3 Ne6 11. Be3 Bd6 12. a4 Bd7 13. e5 Be7 14. Nd4
Nxd4 15. cxd4 Bb4+ 16. Bd2 Bxd2+ 17. Kxd2 O-O-O 18. Bc4 Be6 19. Bxe6+ fxe6 20.
Ke3 Rd5 21. Rhc1 Rhd8 22. Rc4 c6 23. f4 Kd7 24. g4 a5 25. f5 Ke7 26. Rb1 R8d7
27. Rb6 Kf7 28. Ke4 Ke7 29. h4 Kf7 30. Ke3 Ke7 31. Rb1 c5 32. dxc5 exf5 33.
gxf5 Rxe5+ 34. Re4 Kf6 35. Rb6+ Kxf5 36. Rxe5+ Kxe5 37. Rb5 Kd5 38. Rxa5 Kc6
39. Rb5 Rd5 40. Rb6+ Kc7 41. Re6 Rxc5 42. Re7+ Kb6 43. Rxg7 Rh5 44. Rg4 Ka5 45.
Kd3 Rc5 46. Rg7 Rh5 47. Rg4 Rc5 48. Rg7 Rh5 1/2-1/2

[Event "White Nights Open 2006"]
[Site "St. Petersburg RUS"]
[Date "2006.06.23"]
[Round "1.21"]
[White "Shimanov, Aleksandr"]
[Black "Sichinava, Zviad"]
[Result "1/2-1/2"]
[WhiteElo "2300"]
[BlackElo "2021"]
[PlyCount "48"]
[EventDate "2006.06.22"]
[EventType "swiss"]
[EventRounds "9"]
[EventCountry "RUS"]
[Source "lmi"]
[SourceDate "2006.06.29"]

1. d4 Nf6 2. c4 c5 3. d5 b5 4. cxb5 a6 5. Nc3 axb5 6. e4 b4 7. Nb5 d6 8. Bf4
Nbd7 9. Nf3 Nh5 10. Bg5 Qb6 11. Bc4 g6 12. e5 Ba6 13. Qe2 dxe5 14. O-O h6 15.
Nxe5 hxg5 16. d6 Nf4 17. Nc7+ Qxc7 18. Bxf7+ Kd8 19. dxc7+ Kxc7 20. Qe3 Bg7 21.
Nc4 e6 22. Rfc1 Bd4 23. Qd2 Ne5 24. Bxe6 Nxe6 1/2-1/2

[Event "White Nights Open 2006"]
[Site "St. Petersburg RUS"]
[Date "2006.06.23"]
[Round "1.22"]
[White "Efremova, Daria"]
[Black "Vunder, Andrey"]
[Result "0-1"]
[WhiteElo "2018"]
[BlackElo "2293"]
[PlyCount "58"]
[EventDate "2006.06.22"]
[EventType "swiss"]
[EventRounds "9"]
[EventCountry "RUS"]
[Source "lmi"]
[SourceDate "2006.06.29"]

1. d4 e6 2. Nf3 d5 3. c3 c5 4. Bg5 Qb6 5. Qc1 cxd4 6. cxd4 Nc6 7. e3 Bd7 8. Nc3
Rc8 9. Bd3 Nf6 10. O-O Nb4 11. Be2 Ne4 12. Bf4 f6 13. Nd2 Be7 14. a3 Nc6 15.
Ndxe4 dxe4 16. Qd2 Na5 17. Rab1 Nb3 18. Qd1 f5 19. d5 O-O 20. dxe6 Bxe6 21. Nd5
Bxd5 22. Qxd5+ Kh8 23. Bc4 Rcd8 24. Qe5 Bf6 25. Qc7 Nd2 26. Qxb6 axb6 27. Bc7
Rc8 28. Bd6 Rfd8 29. Be6 Rc6 0-1

[Event "White Nights Open 2006"]
[Site "St. Petersburg RUS"]
[Date "2006.06.23"]
[Round "1.23"]
[White "Altshul, Raffael"]
[Black "Rumiantseva, Maria"]
[Result "1-0"]
[WhiteElo "2291"]
[BlackElo "2017"]
[PlyCount "75"]
[EventDate "2006.06.22"]
[EventType "swiss"]
[EventRounds "9"]
[EventCountry "RUS"]
[Source "lmi"]
[SourceDate "2006.06.29"]

1. d4 Nf6 2. c4 e6 3. Nc3 Bb4 4. e3 c5 5. Bd3 Nc6 6. Nf3 O-O 7. O-O cxd4 8.
exd4 h6 9. a3 Bxc3 10. bxc3 Qc7 11. Re1 b6 12. Ne5 d6 13. Ng4 Nxg4 14. Qxg4 f5
15. Qg3 Rf6 16. Bf4 Qf7 17. Bxd6 Rg6 18. Qe3 Bb7 19. g3 Rd8 20. Bf4 Na5 21.
Rab1 Ba8 22. f3 Qb7 23. c5 Qc6 24. Rb5 Nb7 25. Bc4 Kh8 26. a4 bxc5 27. dxc5 Re8
28. Be5 a6 29. Rb6 Qxc5 30. Bxa6 Qxe3+ 31. Rxe3 Nc5 32. Bb5 Rc8 33. Bd6 Nb7 34.
Bf4 Nc5 35. Kf2 Rf6 36. Bd6 Nb7 37. Bb4 Rd8 38. Rbxe6 1-0

[Event "White Nights Open 2006"]
[Site "St. Petersburg RUS"]
[Date "2006.06.23"]
[Round "1.24"]
[White "Penkov, Aleksey"]
[Black "Kostin, Sergei"]
[Result "0-1"]
[WhiteElo "2006"]
[BlackElo "2280"]
[PlyCount "54"]
[EventDate "2006.06.22"]
[EventType "swiss"]
[EventRounds "9"]
[EventCountry "RUS"]
[Source "lmi"]
[SourceDate "2006.06.29"]

1. e4 c5 2. f4 Nc6 3. Nc3 e6 4. Bc4 Nge7 5. d3 d5 6. Bb3 dxe4 7. dxe4 Qxd1+ 8.
Nxd1 Nd4 9. Ne3 b5 10. c3 Nxb3 11. axb3 Bb7 12. e5 Nd5 13. Ne2 Nxe3 14. Bxe3
Bxg2 15. Rg1 Bd5 16. c4 bxc4 17. Nc3 g6 18. Nb5 Kd7 19. bxc4 Bxc4 20. Nxa7 Be7
21. Kd2 Rhb8 22. Kc2 Bb3+ 23. Kc3 Bd5 24. Ra3 c4 25. Ra2 Rb3+ 26. Kd2 Rd3+ 27.
Ke2 Rxe3+ 0-1

[Event "White Nights Open 2006"]
[Site "St. Petersburg RUS"]
[Date "2006.06.23"]
[Round "1.25"]
[White "Orlov, Nikolay I"]
[Black "Lysiniuk, Leonid"]
[Result "1-0"]
[WhiteElo "2279"]
[BlackElo "2003"]
[PlyCount "107"]
[EventDate "2006.06.22"]
[EventType "swiss"]
[EventRounds "9"]
[EventCountry "RUS"]
[Source "lmi"]
[SourceDate "2006.06.29"]

1. d4 d5 2. Nc3 Nf6 3. Bg5 Nbd7 4. Qd3 c6 5. O-O-O h6 6. Bf4 g5 7. Bg3 Nh5 8.
e4 Nxg3 9. hxg3 e6 10. f4 Nb6 11. Nf3 Bg7 12. e5 g4 13. Nh4 Qe7 14. f5 exf5 15.
Nxf5 Qg5+ 16. Ne3 Nc4 17. Re1 Be6 18. Kb1 Nxe3 19. Qxe3 Qe7 20. Rh5 O-O-O 21.
Bd3 Rdg8 22. a3 Kb8 23. Bf5 Bf8 24. Reh1 Qd7 25. Qf3 b6 26. Qf4 Kb7 27. Rf1 Be7
28. Bxe6 fxe6 29. Rxh6 Rxh6 30. Qxh6 Bd8 31. Qh5 Rg7 32. Rf4 Rg5 33. Qh8 Kc7
34. Ka2 Rg7 35. a4 Rh7 36. Qg8 Rg7 37. Qh8 Rh7 38. Qf8 Rg7 39. Kb3 a6 40. Nd1
c5 41. dxc5 d4 42. Qd6+ Qxd6 43. cxd6+ Kc6 44. Kc4 b5+ 45. axb5+ axb5+ 46. Kxd4
Bb6+ 47. Ke4 b4 48. Ne3 Bxe3 49. Kxe3 b3 50. cxb3 Rb7 51. Rc4+ Kd5 52. Rd4+ Kc5
53. d7 Rxb3+ 54. Rd3 1-0